000 00843cam a22002531 4500
001 sd 48000054
003 DLC
005 20260227112735.0
008 921017s1948 dcu f000 0 eng c
010 _asd 48000054
035 _a(OCoLC)26799710
040 _aU.S. Dept. of State. Library
_cDS
_dDS
_dDLC
042 _apremarc
050 0 0 _aJX1706
_b.A3 1948
110 1 _aUnited States.
_bDepartment of State.
245 0 4 _aThe Department of State.
260 _a[Washington,
_bU.S. Govt. Print. Off.,
_c1948]
300 _a6 p.
_c21 x 10 cm.
490 1 _aIts Publication
_v3223
490 1 _aDepartment and Foreign service series,
_v3
610 1 0 _aUnited States.
_bDepartment of State.
830 0 _aDepartment of State publication ;
_v3223.
830 0 _aDepartment of State publication.
_pDepartment and Foreign Service series ;
_v3.
999 _c89991
_d89991